Tilastot visalle Tyhjä maailmankartta ilman 20 satunnaista maata

Klikkaa tästä pelataksesi tätä visaa!

Yleistilastot

  • Tätä visaa on pelattu 212 kertaa
  • Keskiarvotulos 16 / 20

Vastaukset kartalla

Vastauksille on annettu kartalla punavihreä väri sen mukaan, kuinka moni on saanut sen oikein.
 

Vastaustilastot

maa% Oikein
Algeria
100%
Angola
100%
Argentiina
100%
Belgia
100%
Bolivia
100%
Egypti
100%
Espanja
100%
Etelä-Afrikka
100%
Etelä-Korea
100%
Etiopia
100%
Intia
100%
Italia
100%
Kambodža
100%
Kanada
100%
Kazakstan
100%
Keski-Afrikan tasavalta
100%
Kiina
100%
Kongo
100%
Kreikka
100%
Libya
100%
Mali
100%
Mauritania
100%
Meksiko
100%
Mongolia
100%
Pakistan
100%
Paraguay
100%
Peru
100%
Ranska
100%
Romania
100%
Ruotsi
100%
Saksa
100%
Sambia
100%
Slovakia
100%
Sveitsi
100%
Tšekki
100%
Turkki
100%
Uganda
100%
Unkari
100%
Uruguay
100%
Venäjä
100%
Yhdistynyt kuningaskunta
100%
Yhdysvallat
100%
Serbia
92%
Japani
91%
Afganistan
90%
Indonesia
90%
Kosovo
90%
Niger
90%
Thaimaa
90%
Ukraina
90%
Islanti
89%
Kamerun
89%
Sri Lanka
89%
Venezuela
89%
Brasilia
88%
Costa Rica
88%
Côte d'Ivoire
88%
Jemen
88%
Kongon dem tas
88%
Namibia
88%
Portugali
88%
Suomi
88%
Ecuador
86%
Etelä-Sudan
86%
Iran
86%
Kirgisia
86%
Valko-Venäjä
86%
Ghana
85%
Itävalta
85%
Nepal
85%
Norja
85%
Sudan
85%
Benin
83%
Irak
83%
Kolumbia
83%
Madagaskar
83%
Tunisia
83%
Malesia
82%
Nigeria
82%
Burkina Faso
80%
Latvia
80%
Myanmar
80%
Pohjois-Korea
80%
Taiwan
80%
Tansania
80%
Togo
79%
Moldova
78%
Nicaragua
78%
Oman
78%
Turkmenistan
78%
Zimbabwe
78%
Guyana
77%
Australia
75%
Chile
75%
Honduras
75%
Irlanti
75%
Kuuba
75%
Mosambik
75%
Panama
75%
Pohjois-Makedonia
75%
Puola
75%
Uusi-Seelanti
75%
Guinea
73%
Suriname
73%
Bangladesh
71%
Kroatia
71%
Liettua
71%
Marokko
71%
Senegal
71%
Tšad
71%
Bulgaria
70%
Botswana
67%
Gabon
67%
Tadžikistan
67%
Tanska
67%
Viro
67%
Slovenia
64%
Laos
63%
Saudi-Arabia
63%
Somalia
63%
Albania
60%
Eritrea
60%
Filippiinit
60%
Jordania
60%
Uzbekistan
60%
Vietnam
60%
Azerbaidžan
57%
Malawi
57%
Syyria
57%
Georgia
50%
Haiti
50%
Päiväntasaajan Guinea
50%
Papua-Uusi-Guinea
44%
Yhdistyneet arabiemiirikunnat
44%
Armenia
43%
Bosnia ja Hertsegovina
43%
Sierra Leone
43%
El Salvador
40%
Guatemala
40%
Liberia
38%
Alankomaat
25%
Dominikaaninen tasavalta
23%
Guinea-Bissau
20%
Israel
20%
Kenia
0%

Tulosjakauma

Persentiili vastausten määrän mukaan

Jokaisen tuloksen saaneiden osuus

Tuloshistoriasi

Et ole pelannut tätä visaa